VAlidation of a battery of preschool acreening tests for predicting special education placement (Record no. 78995)

MARC details
000 -CABECERA
campo de control de longitud fija 00723nam a2200253 a 4500
005 - FECHA Y HORA DE LA ÚLTIMA TRANSACCIÓN
campo de control 20210219153521.0
008 - ELEMENTOS DE LONGITUD FIJA--INFORMACIÓN GENERAL
campo de control de longitud fija 991125n 000 0 u
035 ## - NÚMERO DE CONTROL DEL SISTEMA
Número de control de sistema UPN01000104602
100 ## - ASIENTO PRINCIPAL--NOMBRE PERSONAL
Nombre de persona Stone, Brian J.
222 ## - TÍTULO CLAVE
Título clave DIAGNOSTIQUE
245 ## - MENCIÓN DE TÍTULO
Título VAlidation of a battery of preschool acreening tests for predicting special education placement
300 ## - DESCRIPCIÓN FÍSICA
Extensión 289-297
362 ## - FECHAS DE PUBLICACIÓN Y/O DESIGNACIÓN SECUENCIAL
Fecha de publicación y/o designación secuencial 17, No. 4, 1992
505 ## - NOTA DE CONTENIDO CON FORMATO PREESTABLECIDO
Nota de contenido con formato Agosto 1993
653 0# - TERMINO DE INDIZACION - NO CONTROLADO
Término no controlado DETECCION DE PRUEBAS
653 0# - TERMINO DE INDIZACION - NO CONTROLADO
Término no controlado INDICADORES EDUCATIVOS
653 0# - TERMINO DE INDIZACION - NO CONTROLADO
Término no controlado INDIOS AMERICANOS
653 0# - TERMINO DE INDIZACION - NO CONTROLADO
Término no controlado MEDIDAS PREDICTIVAS
653 0# - TERMINO DE INDIZACION - NO CONTROLADO
Término no controlado PRUEBAS DE VALIDACION
700 ## - ASIENTO SECUNDARIO--NOMBRE DE PERSONAL
Nombre de persona Gridley, Betty
700 ## - ASIENTO SECUNDARIO--NOMBRE DE PERSONAL
Nombre de persona treloar, James
904 ## - ELEMENTOS DE DATOS D LOCAL, LDD (RLIN)
a AC
b 042413
905 ## - TIPO DE MATERIAL
Tipo de material Articulo

No items available.